[Event "9. LGA Premium Cup 2012"]
[Site "Nürnberg"]
[Date "2012.09.07"]
[Round "2.7"]
[White "Ikonnikov, Vyacheslav"]
[Black "Maier, Alexander"]
[Result "1/2-1/2"]
[WhiteElo "2525"]
[BlackElo "2303"]
[PlyCount "187"]
[EventDate "2012.??.??"]
[WhiteTeam "SF Bad Mergentheim"]
[BlackTeam "SK Ingolstadt"]
[TimeControl "6000+900"]

1. d4 d5 2. Nf3 Nc6 3. c4 Bg4 4. Nc3 e6 5. cxd5 exd5 6. Bf4 Bxf3 7. gxf3 Nf6 8.
e3 Be7 9. Bg3 O-O 10. Bg2 Na5 11. O-O Nc4 12. Na4 Nd7 13. Rc1 c6 14. b3 Ncb6
15. Nb2 h5 16. h3 a5 17. Nd3 Ba3 18. Rc2 Re8 19. f4 h4 20. Bh2 Nf6 21. f5 Nc8
22. Qf3 Nd6 23. Be5 Nfe4 24. Qg4 Qg5 25. Qxg5 Nxg5 26. f6 Nde4 27. fxg7 f6 28.
Bf4 Ne6 29. Bh2 Bd6 30. Bxe4 dxe4 31. Bxd6 exd3 32. Rd2 Ng5 33. Rxd3 Nxh3+ 34.
Kg2 Ng5 35. Bf8 Re6 36. Rh1 h3+ 37. Kf1 a4 38. b4 Rae8 39. Ke2 Re4 40. d5 cxd5
41. Rxd5 Rh4 42. Bc5 Ne6 43. Kf3 Ng5+ 44. Ke2 Ne6 45. Kd3 Nxc5+ 46. bxc5 Re7
47. Rd8+ Kxg7 48. Rd4 Rh5 49. Rxa4 Rc7 50. Ra7 h2 51. c6 Rxc6 52. Rxb7+ Kg6 53.
Rb2 Ra6 54. f4 Ra3+ 55. Ke4 Rh3 56. Rg2+ Kf7 57. Re2 Ra4+ 58. Kd5 Ra5+ 59. Kc4
Rah5 60. Kd4 Ke6 61. Ke4 f5+ 62. Kd4 Rh8 63. a4 Kd6 64. a5 R3h7 65. a6 Ke6 66.
Kc5 Rc8+ 67. Kb6 Rb8+ 68. Ka5 Rbh8 69. Rd2 Rh3 70. Kb6 Rxe3 71. Rhxh2 Rb3+ 72.
Ka7 Rxh2 73. Rxh2 Rb4 74. Rh6+ Kd5 75. Rb6 Rxf4 76. Kb7 Ra4 77. a7 Rxa7+ 78.
Kxa7 Ke4 79. Re6+ Kd3 80. Rf6 Ke4 81. Kb6 f4 82. Kc5 Ke3 83. Re6+ Kd3 84. Rd6+
Ke3 85. Re6+ Kd3 86. Ra6 f3 87. Ra3+ Ke2 88. Kd4 f2 89. Ra2+ Kf3 90. Ra1 Ke2
91. Ke4 f1=Q 92. Ra2+ Ke1 93. Ra1+ Ke2 94. Rxf1 1/2-1/2

[Event "9. LGA Premium Cup 2012"]
[Site "Nürnberg"]
[Date "2012.09.07"]
[Round "2.8"]
[White "Heinig, Wolfram"]
[Black "Milov, Leonid"]
[Result "1/2-1/2"]
[WhiteElo "2304"]
[BlackElo "2520"]
[PlyCount "61"]
[EventDate "2012.??.??"]
[WhiteTeam "SK Zehlendorf e.V."]
[BlackTeam "SC Noris-Tarrasch Nürnberg 1873"]

1. d4 f5 2. Nf3 Nf6 3. Bf4 d6 4. e3 g6 5. Nbd2 Bg7 6. c3 Nc6 7. h3 e6 8. Qc2
Qe7 9. Bh2 Bd7 10. O-O-O a6 11. e4 Bh6 12. Bd3 fxe4 13. Bxe4 Nxe4 14. Qxe4 O-O
15. g4 b5 16. h4 b4 17. c4 Qf7 18. g5 Bg7 19. Rde1 Rae8 20. Re3 Qf5 21. Rhe1
Qa5 22. a3 d5 23. Qd3 bxa3 24. Qxa3 Qxa3 25. Rxa3 Nxd4 26. Ne5 Bc8 27. Bg3 Nf5
28. Nc6 Nxg3 29. fxg3 d4 30. Nb4 Rf7 31. Nxa6 1/2-1/2

[Event "9. LGA Premium Cup 2012"]
[Site "Nürnberg"]
[Date "2012.09.07"]
[Round "2.9"]
[White "Ginsburg, Gennadi"]
[Black "Hirschberg, Valerian"]
[Result "1-0"]
[WhiteElo "2516"]
[BlackElo "2292"]
[PlyCount "67"]
[EventDate "2012.??.??"]
[WhiteTeam "SV 1920 Hofheim"]
[BlackTeam "Karlsruher SF 1853"]

1. e4 c5 2. Nf3 Nc6 3. d4 cxd4 4. Nxd4 Nf6 5. Nc3 e5 6. Ndb5 d6 7. Bg5 a6 8.
Na3 b5 9. Nd5 Be7 10. Bxf6 Bxf6 11. c4 b4 12. Nc2 Rb8 13. b3 Bg5 14. g3 O-O 15.
h4 Bh6 16. Bg2 Be6 17. Qd3 Qd7 18. O-O a5 19. Rad1 Qa7 20. Kh2 Rbd8 21. f4 exf4
22. gxf4 f5 23. Nce3 Ne7 24. Bh3 Bxd5 25. cxd5 Ng6 26. Ng2 Qe7 27. exf5 Nxh4
28. Rde1 Qf6 29. Re6 Qb2 30. Qg3 Nxg2 31. Rf2 Qc3 32. Qxg2 Kh8 33. Qe4 Qc1 34.
Rxh6 1-0

[Event "9. LGA Premium Cup 2012"]
[Site "Nürnberg"]
[Date "2012.09.07"]
[Round "2.11"]
[White "Heimann, Andreas"]
[Black "Holzhäuer, Mathias"]
[Result "1-0"]
[WhiteElo "2490"]
[BlackElo "2274"]
[PlyCount "67"]
[EventDate "2012.??.??"]
[WhiteTeam "OSG Baden-Baden"]
[BlackTeam "SK Schmiden/Cannstatt"]

1. Nf3 Nf6 2. g3 Nc6 3. d4 d5 4. Bg2 Bf5 5. O-O e6 6. c4 dxc4 7. Nbd2 Be7 8.
Nxc4 O-O 9. b3 Ne4 10. Bb2 Bf6 11. Ne3 Bg6 12. Ng4 Be7 13. Nfe5 Nxe5 14. Nxe5
Nd6 15. Nxg6 hxg6 16. e4 c6 17. Qc2 Nb5 18. Rad1 Qb6 19. a4 Nc7 20. h4 Rfd8 21.
Qc3 Bf6 22. e5 Be7 23. Be4 Qb4 24. Qf3 c5 25. h5 gxh5 26. Qxh5 f5 27. exf6 Bxf6
28. Rd3 Ne8 29. Rf3 cxd4 30. Ra1 Rd6 31. Ba3 Qb6 32. Bg6 Kf8 33. Re1 Ke7 34.
Bxe8 1-0

[Event "9. LGA Premium Cup 2012"]
[Site "Nürnberg"]
[Date "2012.09.07"]
[Round "2.12"]
[White "Menacher, Manfred"]
[Black "Farago, Ivan"]
[Result "0-1"]
[WhiteElo "2288"]
[BlackElo "2486"]
[PlyCount "52"]
[EventDate "2012.??.??"]
[WhiteTeam "TSV Wacker Neutraubling"]
[BlackTeam "SV Griesheim(DA)"]

1. Nf3 c5 2. b3 Nc6 3. Bb2 Nf6 4. e3 g6 5. Be2 Bg7 6. O-O O-O 7. c4 b6 8. d4 e6
9. dxc5 bxc5 10. Nc3 Qe7 11. Nb5 d5 12. Rc1 Bb7 13. cxd5 exd5 14. Ba3 Ne4 15.
Nfd4 Rfc8 16. Nxc6 Bxc6 17. Nd4 Bb7 18. Bd3 Qd8 19. Bxe4 cxd4 20. Bf3 Qa5 21.
Rxc8+ Rxc8 22. Bd6 Ba6 23. Be2 Qxa2 24. Re1 dxe3 25. Bg3 Bxe2 26. Rxe2 Qxb3 0-1

[Event "9. LGA Premium Cup 2012"]
[Site "Nürnberg"]
[Date "2012.09.07"]
[Round "2.14"]
[White "Löw, Gerald"]
[Black "Hoffmann, Michael"]
[Result "0-1"]
[WhiteElo "2270"]
[BlackElo "2479"]
[PlyCount "80"]
[EventDate "2012.??.??"]
[WhiteTeam "TSV Bindlach Aktionär-Schachabte"]
[BlackTeam "Schachgesellschaft Solingen e.V."]

1. c4 e5 2. g3 Nf6 3. Bg2 d5 4. cxd5 Nxd5 5. Nf3 Nc6 6. O-O Nb6 7. Nc3 Be7 8.
a3 O-O 9. b4 Be6 10. Rb1 f6 11. d3 a5 12. b5 Nd4 13. Nd2 Qc8 14. e3 Nf5 15. Qc2
Rd8 16. Rd1 Nd6 17. Nde4 Nf7 18. Na4 Nxa4 19. Qxa4 Bd5 20. h4 Qe6 21. Qc2 a4
22. Nc5 Bxc5 23. Qxc5 Bxg2 24. Kxg2 e4 25. d4 Ne5 26. Bb2 Nd3 27. Qc2 Qf5 28.
Qe2 Qxb5 29. Kg1 b6 30. f3 f5 31. Ba1 Qd5 32. Rf1 Rd6 33. Kh2 Rg6 34. Rg1 h6
35. Rbd1 Kh7 36. h5 Rg5 37. fxe4 fxe4 38. g4 Qd6+ 39. Kh3 Qxa3 40. d5 Nf4+ 0-1

[Event "9. LGA Premium Cup 2012"]
[Site "Nürnberg"]
[Date "2012.09.07"]
[Round "2.15"]
[White "Koch, Moritz"]
[Black "Zaragatski, Ilja"]
[Result "0-1"]
[WhiteElo "2261"]
[BlackElo "2471"]
[PlyCount "52"]
[EventDate "2012.??.??"]
[WhiteTeam "SV Puschendorf 1949 e.V."]
[BlackTeam "Sportfreunde Katernberg 1913 e.V"]

1. e4 e6 2. d4 d5 3. e5 c5 4. c3 Nc6 5. Nf3 Nge7 6. Na3 cxd4 7. cxd4 Nf5 8. Nc2
Bd7 9. Be2 Qb6 10. g4 Nfe7 11. h3 h5 12. O-O hxg4 13. hxg4 Ng6 14. Qd3 Be7 15.
Bd2 Na5 16. b3 Rc8 17. Rfc1 a6 18. Qe3 Bb5 19. Bd1 Kd7 20. Qe1 Nc6 21. Qe3 a5
22. Rab1 Rh3 23. Be2 Nh4 24. Nce1 Rh8 25. Bc3 Bg5 26. Qxg5 Rh1+ 0-1

[Event "9. LGA Premium Cup 2012"]
[Site "Nürnberg"]
[Date "2012.09.07"]
[Round "2.16"]
[White "Graf, Felix"]
[Black "Bartsch, Berthold"]
[Result "1-0"]
[WhiteElo "2449"]
[BlackElo "2249"]
[PlyCount "47"]
[EventDate "2012.??.??"]
[WhiteTeam "FC Bayern München e.V."]
[BlackTeam "SC Forchheim e.V."]

1. d4 Nf6 2. Nf3 e6 3. c4 d5 4. Nc3 c6 5. Bg5 Nbd7 6. cxd5 exd5 7. e3 Be7 8.
Bd3 O-O 9. Qc2 Re8 10. h3 a5 11. Bf4 Nf8 12. O-O Ng6 13. Ne5 Nxf4 14. exf4 h6
15. Rfe1 Nd7 16. Nxf7 Kxf7 17. Bg6+ Kf8 18. Re3 Nf6 19. Rae1 Ng8 20. Na4 Bd7
21. Bh5 Nf6 22. Bxe8 Bb4 23. Bxd7 Bxe1 24. Nc5 1-0

[Event "9. LGA Premium Cup 2012"]
[Site "Nürnberg"]
[Date "2012.09.07"]
[Round "2.17"]
[White "Lorscheid, Gerhard"]
[Black "Pezerovic, Edin"]
[Result "1/2-1/2"]
[WhiteElo "2254"]
[BlackElo "2459"]
[PlyCount "71"]
[EventDate "2012.??.??"]
[WhiteTeam "Stuttgarter SF 1879"]
[BlackTeam "Münchener SC 1836 e.V."]

1. d4 Nf6 2. c4 e6 3. Nc3 Bb4 4. Qc2 d5 5. a3 Be7 6. cxd5 exd5 7. Bg5 O-O 8. e3
Be6 9. Bd3 h6 10. Bh4 Nbd7 11. Nf3 c5 12. O-O c4 13. Bf5 Bxf5 14. Qxf5 Nb6 15.
Ne5 Qc8 16. Qf3 Qe6 17. Rfe1 Rad8 18. Bg3 a6 19. Rad1 Bd6 20. e4 dxe4 21. Nxe4
Nxe4 22. Qxe4 Bxe5 23. dxe5 Rd5 24. f4 f5 25. Qc2 Rc8 26. Bf2 Rxd1 27. Rxd1 Nd5
28. g3 c3 29. bxc3 Nxc3 30. Rd6 Ne4 31. Rxe6 Rxc2 32. Ba7 Rc1+ 33. Kg2 Rc2+ 34.
Kg1 Rc1+ 35. Kg2 Rc2+ 36. Kg1 1/2-1/2

[Event "9. LGA Premium Cup 2012"]
[Site "Nürnberg"]
[Date "2012.09.07"]
[Round "2.18"]
[White "Mainka, Romuald"]
[Black "Göbel, Constantin"]
[Result "1-0"]
[WhiteElo "2457"]
[BlackElo "2231"]
[PlyCount "67"]
[EventDate "2012.??.??"]
[WhiteTeam "Schachclub Hansa Dortmund e.V."]
[BlackTeam "TSV Schott Mainz"]

1. e4 c5 2. Nf3 Nc6 3. Bb5 e6 4. Bxc6 bxc6 5. d3 Bd6 6. O-O Ne7 7. Ng5 f6 8.
Nh3 O-O 9. Qe2 Bc7 10. f4 d5 11. Nc3 Rb8 12. Nf2 g6 13. Kh1 Kg7 14. b3 Qd6 15.
e5 fxe5 16. fxe5 Qd7 17. Ba3 Bb6 18. Na4 Nf5 19. Ng4 Qe7 20. Nf6 Ba6 21. c4
Rbd8 22. Rad1 d4 23. Bc1 h6 24. Rf3 Bc7 25. Rdf1 Bc8 26. Qe1 g5 27. Nb2 Bb8 28.
Rh3 Qc7 29. Ng4 Kg6 30. Qe2 Nh4 31. Re1 Nf5 32. Nxh6 Ng7 33. Qe4+ Nf5 34. Qg4
1-0

[Event "9. LGA Premium Cup 2012"]
[Site "Nürnberg"]
[Date "2012.09.07"]
[Round "2.19"]
[White "Safyanowsky, Mark"]
[Black "Heinz, Axel"]
[Result "1/2-1/2"]
[WhiteElo "2249"]
[BlackElo "2456"]
[PlyCount "27"]
[EventDate "2012.??.??"]
[WhiteTeam "SAbt TSV Haunstetten"]
[BlackTeam "TSV Bindlach Aktionär-Schachabte"]

1. d4 Nf6 2. c4 e6 3. Nc3 Bb4 4. Bd2 O-O 5. Nf3 b6 6. g3 Bb7 7. Bg2 Bxc3 8.
Bxc3 Ne4 9. Qc2 Nxc3 10. Qxc3 c5 11. O-O Qe7 12. Rfd1 Na6 13. Ne1 Bxg2 14. Nxg2
1/2-1/2

[Event "9. LGA Premium Cup 2012"]
[Site "Nürnberg"]
[Date "2012.09.07"]
[Round "2.20"]
[White "Renner, Christoph"]
[Black "Kahlert, Thomas"]
[Result "1-0"]
[WhiteElo "2452"]
[BlackElo "2229"]
[PlyCount "83"]
[EventDate "2012.??.??"]
[WhiteTeam "FC Bayern München e.V."]
[BlackTeam "SK Norderstedt von 1975"]

1. d4 Nf6 2. Bf4 g6 3. e3 Bg7 4. Nf3 O-O 5. Be2 d5 6. Nbd2 b6 7. O-O Bb7 8. c4
e6 9. Rc1 c6 10. cxd5 exd5 11. Qa4 Re8 12. Ne5 Nfd7 13. Ndf3 Nf8 14. b4 Ne6 15.
Bg3 a6 16. Qb3 Bf8 17. Rfd1 Qe7 18. a3 Rc8 19. Rc3 Ng7 20. Bd3 Nd7 21. Bh4 Qe8
22. e4 Nxe5 23. dxe5 Be7 24. Bxe7 Qxe7 25. Rdc1 Rd8 26. exd5 cxd5 27. Rc7 Rd7
28. Qc3 Ne6 29. Rxd7 Qxd7 30. Qd2 Rc8 31. Rxc8+ Qxc8 32. h4 d4 33. Ng5 Nf8 34.
Qf4 Qd7 35. h5 h6 36. Nh3 g5 37. Nxg5 hxg5 38. Qxg5+ Kh8 39. Qf6+ Kg8 40. Qg5+
Kh8 41. h6 Ng6 42. Qf6+ 1-0

[Event "9. LGA Premium Cup 2012"]
[Site "Nürnberg"]
[Date "2012.09.07"]
[Round "2.21"]
[White "Wulfmeyer, Johannes"]
[Black "Zude, Arno"]
[Result "1/2-1/2"]
[WhiteElo "2226"]
[BlackElo "2446"]
[PlyCount "74"]
[EventDate "2012.??.??"]
[WhiteTeam "SC Noris-Tarrasch Nürnberg 1873"]
[BlackTeam "SV 1920 Hofheim"]

1. c4 Nf6 2. Nc3 e5 3. g3 d5 4. cxd5 Nxd5 5. Bg2 Nb6 6. Nf3 Nc6 7. O-O Be7 8.
a3 O-O 9. b4 Be6 10. Rb1 f6 11. d3 Qc8 12. Re1 Rd8 13. Nd2 Nd5 14. Bb2 a5 15.
b5 Nxc3 16. Bxc3 Nd4 17. a4 c6 18. Bxd4 Rxd4 19. bxc6 bxc6 20. Qc2 Bb4 21. Rec1
Ra6 22. Nb3 Rd6 23. Nc5 Rb6 24. Nxe6 Qxe6 25. Qc4 Qxc4 26. Rxc4 g6 27. h4 h5
28. Bf3 Kg7 29. Kg2 c5 30. Rb3 Rd8 31. Rb1 Rbd6 32. Rbc1 f5 33. Kf1 Kf6 34. Kg1
Rd4 35. Bc6 Rxc4 36. Rxc4 Rd4 37. Rxd4 cxd4 1/2-1/2

[Event "9. LGA Premium Cup 2012"]
[Site "Nürnberg"]
[Date "2012.09.07"]
[Round "2.24"]
[White "Pähtz, Thomas"]
[Black "Höfelsauer, Thomas"]
[Result "0-1"]
[WhiteElo "2430"]
[BlackElo "2217"]
[PlyCount "73"]
[EventDate "2012.??.??"]
[WhiteTeam "ESV Lok Sömmerda"]
[BlackTeam "Schachklub München Südost e.V."]

1. e4 c6 2. d4 d5 3. exd5 cxd5 4. c4 Nf6 5. Nc3 e6 6. Nf3 Be7 7. cxd5 exd5 8.
Bd3 O-O 9. h3 Nc6 10. O-O Be6 11. Re1 Qc8 12. Bf4 Bf5 13. Rc1 Bb4 14. Ne5 Re8
15. Bb5 a6 16. Bxc6 bxc6 17. Qa4 c5 18. dxc5 Qxc5 19. a3 Bxc3 20. Rxc3 Qb6 21.
Rb3 Qa7 22. Rc1 Rac8 23. Rxc8 Rxc8 24. Be3 Qc7 25. Qf4 Be6 26. Rc3 Qb7 27.
Rxc8+ Qxc8 28. Nf3 Qb7 29. b4 Ne4 30. Qe5 Qd7 31. Qb8+ Qc8 32. Qb6 f6 33. Bc5
Kf7 34. Nd4 Bd7 35. Qa7 Kg6 36. Qb6 Nd2 37. Qd6 0-1

[Event "9. LGA Premium Cup 2012"]
[Site "Nürnberg"]
[Date "2012.09.07"]
[Round "2.27"]
[White "Appel, Helmut"]
[Black "Zude, Erik"]
[Result "0-1"]
[WhiteElo "2212"]
[BlackElo "2395"]
[PlyCount "59"]
[EventDate "2012.??.??"]
[WhiteTeam "TSV Kareth-Lappersdorf"]
[BlackTeam "SV 1920 Hofheim"]

1. e4 c5 2. c3 d5 3. exd5 Qxd5 4. d4 g6 5. Nf3 cxd4 6. cxd4 Bg7 7. Nc3 Qd8 8.
Qa4+ Nd7 9. Bc4 Nh6 10. Nd5 O-O 11. Qb4 Nf5 12. Bf4 Nb6 13. Nc7 Nxd4 14. O-O-O
Nxc4 15. Nxd4 e5 16. Nde6 Qf6 17. Bg5 Qf5 18. g4 Qxg4 19. Rhg1 Qxe6 20. Nxe6
Bxe6 21. Kb1 b5 22. Ka1 a5 23. Qc3 b4 24. Qc1 Rfc8 25. Bh6 Bh8 26. Qg5 e4 27.
Rd2 e3 28. Rc2 a4 29. Rxc4 Bxc4 30. Rc1 0-1

[Event "9. LGA Premium Cup 2012"]
[Site "Nürnberg"]
[Date "2012.09.07"]
[Round "2.28"]
[White "Hirn, Oskar"]
[Black "Lanka, Zigurds"]
[Result "0-1"]
[WhiteElo "2217"]
[BlackElo "2417"]
[PlyCount "62"]
[EventDate "2012.??.??"]
[WhiteTeam "SC Noris-Tarrasch Nürnberg 1873"]
[BlackTeam "TSV Schott Mainz"]

1. d4 Nf6 2. c4 c5 3. e3 g6 4. Nf3 Bg7 5. Nc3 O-O 6. Be2 b6 7. O-O d6 8. b3 Bb7
9. a3 e6 10. Ra2 Ne8 11. Rd2 Qe7 12. Qc2 f5 13. Rfd1 g5 14. dxc5 bxc5 15. Nb5
g4 16. Ne1 Nc6 17. Bb2 Bxb2 18. Qxb2 Rd8 19. Nd3 Nf6 20. Nc3 Ba8 21. b4 Rb8 22.
b5 Nd8 23. Nf4 Nf7 24. Bf1 Rbd8 25. a4 Ng5 26. a5 Nge4 27. Nxe4 Nxe4 28. Rd3
Rf6 29. f3 gxf3 30. gxf3 Ng5 31. Qg2 Bxf3 0-1

[Event "9. LGA Premium Cup 2012"]
[Site "Nürnberg"]
[Date "2012.09.07"]
[Round "2.29"]
[White "Donchenko, Alexander"]
[Black "Krauseneck, Peter"]
[Result "1-0"]
[WhiteElo "2395"]
[BlackElo "2212"]
[PlyCount "95"]
[EventDate "2012.??.??"]
[WhiteTeam "SK 1858 Gießen"]
[BlackTeam "SC 1868 Bamberg"]

1. d4 e6 2. c4 f5 3. Nf3 Nf6 4. g3 d5 5. Bg2 c6 6. O-O Bd6 7. Nc3 O-O 8. Qc2
Ne4 9. Rb1 Nd7 10. b4 a6 11. a4 Nxc3 12. Qxc3 Nf6 13. c5 Ne4 14. Qc2 Bc7 15.
Bf4 Bxf4 16. gxf4 Bd7 17. Ne5 Nf6 18. f3 Nh5 19. e3 Be8 20. Kh1 Qh4 21. Qf2
Qxf2 22. Rxf2 Nf6 23. Bf1 Nd7 24. Nd3 Nf6 25. Rfb2 Rf7 26. Kg1 Rc7 27. Kf2 Kf8
28. Ke1 Bh5 29. Be2 Be8 30. Kd2 Ke7 31. Nc1 Kd8 32. Na2 Re7 33. Nc3 Rc7 34. b5
axb5 35. axb5 Ra5 36. Rg1 Re7 37. Rbb1 Bd7 38. Ra1 Rxa1 39. Rxa1 Bc8 40. Ra8
Kc7 41. b6+ Kd8 42. Na2 Re8 43. Nc1 Ke7 44. Nb3 Kd8 45. Na5 Re7 46. Nxc6+ bxc6
47. Ba6 Re8 48. b7 1-0

[Event "9. LGA Premium Cup 2012"]
[Site "Nürnberg"]
[Date "2012.09.07"]
[Round "2.30"]
[White "Osmanodja, Filiz"]
[Black "Reich, Thomas"]
[Result "1-0"]
[WhiteElo "2198"]
[BlackElo "2382"]
[PlyCount "107"]
[EventDate "2012.??.??"]
[WhiteTeam "USV TU Dresden"]
[BlackTeam "FC Bayern München e.V."]

1. e4 c5 2. d3 Nc6 3. g3 g6 4. Bg2 Bg7 5. f4 d6 6. Nf3 Nf6 7. O-O O-O 8. h3 Rb8
9. Nc3 b5 10. Ne2 Ne8 11. c3 b4 12. Be3 Nc7 13. d4 bxc3 14. bxc3 Ba6 15. Re1
Nb5 16. Rc1 Na3 17. Qa4 Nc4 18. Qxa6 N6a5 19. dxc5 Nxe3 20. cxd6 Nxg2 21. Kxg2
exd6 22. Qxa7 Rb2 23. Rb1 Rxa2 24. Ra1 Rxa1 25. Rxa1 Nc4 26. Ra6 Qe8 27. Qb7
Qc8 28. Qxc8 Rxc8 29. Kf2 Re8 30. Rc6 Na5 31. Rxd6 Rxe4 32. Rd8+ Bf8 33. Ne5
Kg7 34. Rd7 Bc5+ 35. Nd4 Nb3 36. Kf3 Nd2+ 37. Kg2 Bxd4 38. cxd4 Re2+ 39. Kg1
Kf6 40. Rxf7+ Ke6 41. Rxh7 Kf5 42. Rf7+ Ke4 43. Re7 Kd5 44. Nxg6 Ne4 45. h4
Kxd4 46. h5 Ke3 47. h6 Kf3 48. Ne5+ Kxg3 49. Kf1 Rf2+ 50. Ke1 Rh2 51. h7 Rh1+
52. Ke2 Nc3+ 53. Kd3 Nd5 54. Rg7+ 1-0

[Event "9. LGA Premium Cup 2012"]
[Site "Nürnberg"]
[Date "2012.09.07"]
[Round "2.31"]
[White "Eisenbeiser, Amadeus"]
[Black "Kordts, Wolfgang"]
[Result "0-1"]
[WhiteElo "2378"]
[BlackElo "2207"]
[PlyCount "80"]
[EventDate "2012.??.??"]
[WhiteTeam "BG Buchen"]
[BlackTeam "SW Nürnberg Süd e.V."]

1. e4 c5 2. Nf3 d6 3. c4 Bg4 4. d4 cxd4 5. Qxd4 Bxf3 6. gxf3 Nc6 7. Qe3 g6 8.
Be2 Bg7 9. O-O Nd4 10. Bd3 Qd7 11. Nc3 Qh3 12. Be2 Nc2 13. Qd3 Nxa1 14. Be3 Nf6
15. Rxa1 O-O 16. Rd1 Bh6 17. Bf1 Qh4 18. Qd2 Bxe3 19. fxe3 Rac8 20. b3 Rc5 21.
Nd5 Nxd5 22. exd5 Rfc8 23. Bd3 b5 24. e4 bxc4 25. Bxc4 a5 26. a4 Qf6 27. Qd3
Kg7 28. Rd2 h5 29. Rc2 h4 30. Kh1 h3 31. Rd2 Rh8 32. Qd4 Rh4 33. Kg1 Qxd4+ 34.
Rxd4 f5 35. Kf2 fxe4 36. Kg3 g5 37. Rxe4 Rxe4 38. fxe4 Rc8 39. Kg4 Kf6 40. Kxh3
Rh8+ 0-1

[Event "9. LGA Premium Cup 2012"]
[Site "Nürnberg"]
[Date "2012.09.07"]
[Round "2.32"]
[White "Heimrath, Reiner"]
[Black "Breutigam, Martin"]
[Result "0-1"]
[WhiteElo "2205"]
[BlackElo "2374"]
[PlyCount "124"]
[EventDate "2012.??.??"]
[WhiteTeam "SC Noris-Tarrasch Nürnberg 1873"]
[BlackTeam "SK Union Oldenburg"]

1. e4 e5 2. Nf3 Nc6 3. Bb5 a6 4. Bxc6 dxc6 5. h3 Ne7 6. d4 exd4 7. Qxd4 Qxd4 8.
Nxd4 Bd7 9. Be3 O-O-O 10. Nd2 g6 11. O-O-O Bg7 12. N2f3 h6 13. b4 Rhe8 14. Nb3
b6 15. Bd4 f6 16. Bb2 Kb7 17. Rhe1 Be6 18. Rxd8 Rxd8 19. g4 Re8 20. Nfd4 Bd7
21. Rd1 Bc8 22. Rg1 Bf8 23. a3 Ng8 24. Nd2 c5 25. bxc5 Bxc5 26. Rd1 Bd6 27. f3
Rd8 28. Ne2 Be6 29. f4 Bc5 30. Nf1 Re8 31. Nd4 Bc8 32. Ng3 Bd6 33. Rf1 Bd7 34.
c4 Re7 35. Kc2 Be8 36. Nde2 Bf7 37. Kd3 Rd7 38. Kc3 Ne7 39. h4 Be6 40. e5 fxe5
41. f5 gxf5 42. gxf5 Bf7 43. Ne4 Nc8 44. Bc1 Bf8 45. Nf6 Rd8 46. Nh7 Bc5 47.
Bxh6 Rh8 48. Ng5 Bh5 49. Bg7 Bxe2 50. Re1 Bd4+ 51. Kb3 Rg8 52. Rxe2 Rxg7 53. f6
Rg8 54. Ne6 Nd6 55. h5 Rg3+ 56. Ka2 Rf3 57. c5 bxc5 58. Rh2 Rxf6 59. Nd8+ Kc8
60. h6 Kxd8 61. h7 Nf7 62. Rg2 Rh6 0-1

[Event "9. LGA Premium Cup 2012"]
[Site "Nürnberg"]
[Date "2012.09.07"]
[Round "2.33"]
[White "Welz, Thomas"]
[Black "Grimberg, Boris"]
[Result "0-1"]
[WhiteElo "2204"]
[BlackElo "2365"]
[PlyCount "60"]
[EventDate "2012.??.??"]
[WhiteTeam "SC Eppingen"]
[BlackTeam "SAbt TSV Haunstetten"]

1. Nf3 Nf6 2. d4 c5 3. e3 g6 4. Be2 Bg7 5. O-O Qc7 6. c4 O-O 7. Nc3 d6 8. Bd2
e5 9. Rc1 e4 10. Ne1 Qe7 11. Nc2 Nc6 12. Nd5 Nxd5 13. cxd5 cxd4 14. dxc6 d3 15.
Nd4 dxe2 16. Qxe2 bxc6 17. Nxc6 Qg5 18. Bc3 Bg4 19. f3 exf3 20. Qd2 fxg2 21.
Rf4 Bh3 22. Bxg7 Kxg7 23. Qd4+ Kg8 24. Rc3 Rae8 25. a4 a5 26. Qf6 Qxf6 27. Rxf6
g5 28. Rxd6 Re6 29. Rd5 Rf6 30. Rxg5+ Kh8 0-1

[Event "9. LGA Premium Cup 2012"]
[Site "Nürnberg"]
[Date "2012.09.07"]
[Round "2.35"]
[White "Kannenberg, Karl-Heinz"]
[Black "Köpke, Christian"]
[Result "1/2-1/2"]
[WhiteElo "2199"]
[BlackElo "2364"]
[PlyCount "70"]
[EventDate "2012.??.??"]
[WhiteTeam "SC Kitzingen von 1905"]
[BlackTeam "SC Garching 1980 e.V."]

1. d4 Nf6 2. Nf3 g6 3. e3 Bg7 4. Be2 O-O 5. O-O c5 6. c4 cxd4 7. exd4 d5 8. c5
b6 9. cxb6 axb6 10. Nc3 Ne4 11. Nb5 Nc6 12. Bf4 Bg4 13. Bc7 Qd7 14. a4 Bxf3 15.
gxf3 Ng5 16. Bxb6 e5 17. Kh1 Ne6 18. Rg1 exd4 19. Bf1 Qe7 20. Ra3 Qh4 21. Rg2
Be5 22. a5 Rfc8 23. Ra4 Qf4 24. Rg3 Qf6 25. Bh3 Bxg3 26. hxg3 d3 27. Qxd3 Ne5
28. Qxd5 Nxf3 29. Nc3 Re8 30. Ne4 Qxb2 31. Kg2 Ne1+ 32. Kh2 Nf3+ 33. Kg2 Ne1+
34. Kh2 Nf3+ 35. Kg2 Ne1+ 1/2-1/2

[Event "9. LGA Premium Cup 2012"]
[Site "Nürnberg"]
[Date "2012.09.07"]
[Round "2.36"]
[White "Braun, Arik"]
[Black "Schellmann, Frank"]
[Result "1-0"]
[WhiteElo "2557"]
[BlackElo "2120"]
[PlyCount "87"]
[EventDate "2012.??.??"]
[WhiteTeam "SC Eppingen"]
[BlackTeam "Deutscher Blinden- und Sehbehind"]

1. d4 f5 2. g3 Nf6 3. Bg2 g6 4. c3 Bg7 5. Qb3 Nc6 6. Nd2 d5 7. h4 e5 8. dxe5
Nxe5 9. Nh3 c6 10. Nf4 Qb6 11. Nf3 Ne4 12. Nd4 Qxb3 13. axb3 Ke7 14. h5 Bd7 15.
Nf3 Kf7 16. Nxe5+ Bxe5 17. Nd3 Bf6 18. Bf4 g5 19. Be5 Rhe8 20. Bd4 b6 21. b4 a5
22. bxa5 Rxa5 23. Rxa5 bxa5 24. Kd1 Bc8 25. e3 Ba6 26. Bxe4 fxe4 27. Nc5 Bc8
28. Kc2 Be7 29. Ra1 Bxc5 30. Bxc5 Bg4 31. b4 a4 32. Rxa4 Bxh5 33. Ra7+ Kg6 34.
Ra6 Re6 35. b5 Be2 36. Rxc6 Rxc6 37. bxc6 Kf5 38. Kb3 Bb5 39. c7 Bd7 40. Be7
Kg4 41. Kb4 h5 42. Kc5 Kf3 43. Bxg5 Kxf2 44. Bf4 1-0

[Event "9. LGA Premium Cup 2012"]
[Site "Nürnberg"]
[Date "2012.09.07"]
[Round "2.37"]
[White "Siegel, Adrian"]
[Black "Mons, Leon"]
[Result "0-1"]
[WhiteElo "2015"]
[BlackElo "2338"]
[PlyCount "78"]
[EventDate "2012.??.??"]
[WhiteTeam "SC Eppingen"]
[BlackTeam "SC Forchheim e.V."]

1. d4 Nf6 2. Nf3 e6 3. Bg5 Be7 4. Nbd2 c5 5. c3 d5 6. e3 O-O 7. Bd3 Nbd7 8. O-O
b6 9. Qa4 Bb7 10. Ne5 c4 11. Bb1 Nxe5 12. dxe5 Nd7 13. Bf4 b5 14. Qd1 f5 15.
exf6 Bxf6 16. Bd6 Rf7 17. Bg3 Qe7 18. a3 Nc5 19. Bc2 e5 20. Nf3 Nd3 21. Rb1 a5
22. b4 Rff8 23. h4 axb4 24. axb4 e4 25. Nd4 Bxh4 26. Qg4 Bxg3 27. Qxg3 Ra6 28.
Ra1 Rg6 29. Qh2 Bc8 30. Bxd3 cxd3 31. Ra8 Bg4 32. Rxf8+ Qxf8 33. Qe5 Bh3 34.
Qxd5+ Kh8 35. g3 Bxf1 36. Kxf1 Rf6 37. f4 exf3 38. Nxb5 f2 39. Qxd3 Qa8 0-1

[Event "9. LGA Premium Cup 2012"]
[Site "Nürnberg"]
[Date "2012.09.07"]
[Round "2.38"]
[White "Troyke, Christian"]
[Black "Frey, Alisa"]
[Result "0-1"]
[WhiteElo "2353"]
[BlackElo "2005"]
[PlyCount "72"]
[EventDate "2012.??.??"]
[WhiteTeam "Erfurter Schachklub"]
[BlackTeam "SC Eppingen"]

1. g3 Nf6 2. Bg2 d5 3. Nf3 g6 4. c4 Bg7 5. cxd5 Nxd5 6. Nc3 Nb6 7. h4 Nc6 8. h5
Bf5 9. d3 Qd7 10. Bd2 O-O-O 11. a4 a5 12. Rc1 Kb8 13. Ng5 Nb4 14. h6 Bf6 15.
Nge4 Bd4 16. Nb5 Bxe4 17. Bxe4 Be5 18. Rc5 f6 19. O-O c6 20. Nc3 Bxg3 21. Rxa5
Bc7 22. Bg2 Qd6 23. f4 Nc4 24. Rd5 Nxd5 25. Ne4 Qe6 26. dxc4 Ne3 27. Qb3 Nxg2
28. Nc5 Qc8 29. a5 Rxd2 30. a6 b6 31. Qf3 Nxf4 32. a7+ Kxa7 33. Ra1+ Kb8 34.
Qxc6 Qg4+ 35. Kh1 Qh3+ 36. Kg1 Nxe2+ 0-1

[Event "9. LGA Premium Cup 2012"]
[Site "Nürnberg"]
[Date "2012.09.07"]
[Round "2.39"]
[White "Stabernack, Joschi"]
[Black "Szabo, Bence"]
[Result "0-1"]
[WhiteElo "1970"]
[BlackElo "2348"]
[PlyCount "46"]
[EventDate "2012.??.??"]
[WhiteTeam "Kasseler SK 1876"]
[BlackTeam "SC Eppingen"]

1. e4 c5 2. Nf3 d6 3. d4 cxd4 4. Nxd4 Nf6 5. Nc3 a6 6. Bg5 Nc6 7. Be2 e6 8. a4
Be7 9. O-O O-O 10. Be3 Bd7 11. f4 Qc7 12. Bf3 Na5 13. Bf2 Rac8 14. Be2 Rfd8 15.
Nb3 Bc6 16. Nxa5 Qxa5 17. Bd3 Qb4 18. Qd2 d5 19. f5 Nxe4 20. Bxe4 dxe4 21. Qc1
Rd7 22. Ne2 Rd2 23. Ng3 e3 0-1